[Event "España tch DH1"]
[Site "Lugo ESP"]
[Date "2007.06.20"]
[Round "1.12"]
[White "Krasenkow, Michal"]
[Black "Macieja, Bartlomiej"]
[Result "1/2-1/2"]
[WhiteElo "2661"]
[BlackElo "2616"]
[PlyCount "28"]
[EventDate "2007.06.20"]
[EventType "team"]
[EventRounds "5"]
[EventCountry "ESP"]
[Source "lmi"]
[SourceDate "2007.06.20"]

1. Nf3 c5 2. c4 Nf6 3. Nc3 Nc6 4. g3 g6 5. Bg2 Bg7 6. d4 cxd4 7. Nxd4 O-O 8. e3
e6 9. O-O d5 10. cxd5 Nxd4 11. exd4 Nxd5 12. Qb3 Qb6 13. Nxd5 exd5 14. Be3 Be6
1/2-1/2

[Event "España tch DH1"]
[Site "Lugo ESP"]
[Date "2007.06.20"]
[Round "1.14"]
[White "Hracek, Zbynek"]
[Black "Czarnota, Pawel"]
[Result "1-0"]
[WhiteElo "2613"]
[BlackElo "2562"]
[PlyCount "77"]
[EventDate "2007.06.20"]
[EventType "team"]
[EventRounds "5"]
[EventCountry "ESP"]
[Source "lmi"]
[SourceDate "2007.06.20"]

1. e4 c5 2. Nf3 d6 3. d4 cxd4 4. Nxd4 Nf6 5. Nc3 Nc6 6. Bg5 e6 7. Qd2 a6 8.
O-O-O Bd7 9. f3 Be7 10. Be3 b5 11. g4 Nxd4 12. Bxd4 b4 13. Ne2 e5 14. Be3 Qa5
15. g5 Nh5 16. Kb1 Be6 17. b3 O-O 18. Ng3 Nf4 19. h4 Rfc8 20. Bxf4 exf4 21. Nh5
Bf8 22. Nxf4 g6 23. Nxe6 fxe6 24. f4 Bg7 25. Bh3 Bc3 26. Bxe6+ Kh8 27. Qc1 Rc5
28. Rd5 Re8 29. Rxc5 Qxc5 30. Bd5 a5 31. h5 gxh5 32. Rxh5 Re7 33. g6 Qf2 34.
Qh1 Qe1+ 35. Qxe1 Bxe1 36. Bf7 h6 37. Rxh6+ Kg7 38. Rh7+ Kf6 39. g7 1-0

[Event "España tch DH1"]
[Site "Lugo ESP"]
[Date "2007.06.20"]
[Round "1.15"]
[White "Bellon Lopez, Juan Manuel"]
[Black "Herrera, Irisberto"]
[Result "1/2-1/2"]
[WhiteElo "2425"]
[BlackElo "2458"]
[PlyCount "124"]
[EventDate "2007.06.20"]
[EventType "team"]
[EventRounds "5"]
[EventCountry "ESP"]
[Source "lmi"]
[SourceDate "2007.06.20"]

1. d4 d5 2. c4 e6 3. Nf3 Nf6 4. Nc3 Bb4 5. Bg5 c5 6. cxd5 exd5 7. e3 O-O 8. Qc2
c4 9. a3 Bxc3+ 10. bxc3 Nbd7 11. Ne5 Re8 12. Nxd7 Bxd7 13. Be2 h6 14. Bxf6 Qxf6
15. Bf3 Bf5 16. Qb2 Qc6 17. O-O b5 18. a4 bxa4 19. Qa2 a5 20. Rfc1 Reb8 21.
Qxa4 Qxa4 22. Rxa4 Bd7 23. Ra3 Bc6 24. Bd1 a4 25. Kf1 Kf8 26. Ke1 Ke7 27. Rca1
Rb6 28. Kd2 f5 29. Bc2 g6 30. Rb1 Rxb1 31. Bxb1 Kd6 32. Bc2 Rb8 33. Kc1 Ra8 34.
Kb2 Rb8+ 35. Ka1 Ra8 36. Ra2 a3 37. h4 h5 38. Bd1 Bd7 39. Rd2 Rb8 40. Ka2 f4
41. exf4 Bf5 42. f3 Bd3 43. Ba4 Rf8 44. g3 Rf7 45. Bc2 Bxc2 46. Rxc2 Re7 47.
Kxa3 Re3 48. Kb4 Rxf3 49. Ra2 Rxg3 50. Ra6+ Ke7 51. Kc5 Rxc3 52. Kxd5 Rf3 53.
Ke4 Rg3 54. Rc6 c3 55. d5 Kd7 56. Ke5 Re3+ 57. Kf6 Rg3 58. Ke5 Re3+ 59. Kd4 Rf3
60. Rxc3 Rxf4+ 61. Ke5 Rxh4 62. Rg3 Rg4 1/2-1/2

[Event "España tch DH1"]
[Site "Lugo ESP"]
[Date "2007.06.20"]
[Round "1.26"]
[White "Gonzalez De La Torre, Santiago"]
[Black "San Segundo Carrillo, Pablo"]
[Result "1/2-1/2"]
[WhiteElo "2388"]
[BlackElo "2539"]
[PlyCount "74"]
[EventDate "2007.06.20"]
[EventType "team"]
[EventRounds "5"]
[EventCountry "ESP"]
[Source "lmi"]
[SourceDate "2007.06.20"]

1. e4 c5 2. Nf3 Nc6 3. d4 cxd4 4. Nxd4 Nf6 5. Nc3 e5 6. Ndb5 d6 7. Bg5 a6 8.
Na3 b5 9. Bxf6 gxf6 10. Nd5 f5 11. c3 Bg7 12. Bd3 Be6 13. Qh5 O-O 14. O-O f4
15. g4 Kh8 16. Kh1 Rg8 17. g5 Ne7 18. f3 Bf8 19. Rad1 Rg7 20. Bc2 Rc8 21. Rg1
Rc5 22. Bb3 Nxd5 23. Bxd5 Bxd5 24. Rxd5 Rxd5 25. exd5 Qa8 26. Rd1 Qa7 27. Qg4
Qf2 28. Qg2 Qxg2+ 29. Kxg2 Rxg5+ 30. Kf2 Be7 31. Rg1 Rh5 32. Kg2 Bd8 33. b4 Bb6
34. Rf1 Rg5+ 35. Kh3 Rh5+ 36. Kg2 Rg5+ 37. Kh3 Rh5+ 1/2-1/2

[Event "España tch DH1"]
[Site "Lugo ESP"]
[Date "2007.06.20"]
[Round "1.34"]
[White "Sargissian, Gabriel"]
[Black "Felgaer, Ruben"]
[Result "1-0"]
[WhiteElo "2651"]
[BlackElo "2574"]
[PlyCount "103"]
[EventDate "2007.06.20"]
[EventType "team"]
[EventRounds "5"]
[EventCountry "ESP"]
[Source "lmi"]
[SourceDate "2007.06.20"]

1. d4 d5 2. c4 c6 3. Nf3 Nf6 4. Nc3 dxc4 5. a4 Bf5 6. Ne5 Nbd7 7. Nxc4 Nb6 8.
Ne5 a5 9. Bg5 g6 10. e3 Bg7 11. Bd3 Bxd3 12. Nxd3 Nbd5 13. Qb3 Qb6 14. Qxb6
Nxb6 15. Ra3 Nfd7 16. Ke2 O-O 17. Rb3 Rfe8 18. Bf4 Ra7 19. Rd1 Nc4 20. Ne4 Ncb6
21. Nc3 Nc4 22. Bg3 e5 23. dxe5 Ndxe5 24. Nxe5 Nxe5 25. Bxe5 Bxe5 26. Rd7 Bxc3
27. Rxc3 Re4 28. b3 Rb4 29. Rxc6 bxc6 30. Rxa7 Rxb3 31. Rxa5 Rb2+ 32. Kf3 Ra2
33. Ra8+ Kg7 34. a5 c5 35. a6 c4 36. e4 c3 37. Ke3 c2 38. Kd2 c1=Q+ 39. Kxc1
Rxf2 40. Rd8 Ra2 41. Rd6 Re2 42. a7 Ra2 43. Rd7 Kf6 44. Kb1 Ra5 45. Kb2 Ke6 46.
Rb7 h5 47. Kb3 Ra1 48. Kc4 f6 49. Kc5 Ke5 50. Re7+ Kf4 51. Kb6 g5 52. Re6 1-0

[Event "España tch DH1"]
[Site "Lugo ESP"]
[Date "2007.06.20"]
[Round "1.36"]
[White "Carrasco Martinez, Juan M"]
[Black "Rahal, Michael A"]
[Result "1-0"]
[WhiteElo "2406"]
[BlackElo "2395"]
[PlyCount "49"]
[EventDate "2007.06.20"]
[EventType "team"]
[EventRounds "5"]
[EventCountry "ESP"]
[Source "lmi"]
[SourceDate "2007.06.20"]

1. d4 e6 2. Nf3 Nf6 3. c4 Bb4+ 4. Nbd2 b6 5. g3 Bb7 6. Bg2 a5 7. O-O Bxd2 8.
Qxd2 d6 9. b3 Nbd7 10. Bb2 O-O 11. Rad1 a4 12. b4 a3 13. Ba1 b5 14. d5 e5 15.
Nh4 Nb6 16. c5 Nc4 17. Qc2 Bc8 18. e4 Ng4 19. Bc3 Qe7 20. c6 Nh6 21. Rde1 f5
22. f4 Ng4 23. Qd3 exf4 24. exf5 Nge3 25. Rxf4 1-0

[Event "España tch DH1"]
[Site "Lugo ESP"]
[Date "2007.06.21"]
[Round "2.13"]
[White "Nielsen, Peter Heine"]
[Black "Akopian, Vladimir"]
[Result "1/2-1/2"]
[WhiteElo "2649"]
[BlackElo "2698"]
[PlyCount "51"]
[EventDate "2007.06.20"]
[EventType "team"]
[EventRounds "5"]
[EventCountry "ESP"]
[Source "lmi"]
[SourceDate "2007.06.20"]

1. d4 Nf6 2. c4 e6 3. Nf3 c5 4. g3 cxd4 5. Nxd4 Bb4+ 6. Bd2 Bc5 7. Nb3 Be7 8.
Bg2 Nc6 9. Nc3 b6 10. Bf4 O-O 11. O-O Bb7 12. Bd6 Ne8 13. Bxe7 Qxe7 14. Qd2 d6
15. Nd4 Nxd4 16. Qxd4 Bxg2 17. Kxg2 Nf6 18. Rfd1 Rfd8 19. Rd2 d5 20. cxd5 Nxd5
21. Rad1 Rac8 22. Nxd5 Rxd5 23. Qe4 Rxd2 24. Rxd2 g6 25. h4 h5 26. a3 1/2-1/2

[Event "España tch DH1"]
[Site "Lugo ESP"]
[Date "2007.06.21"]
[Round "2.15"]
[White "Herrera, Irisberto"]
[Black "Perez Candelario, Manuel"]
[Result "1/2-1/2"]
[WhiteElo "2458"]
[BlackElo "2511"]
[PlyCount "67"]
[EventDate "2007.06.20"]
[EventType "team"]
[EventRounds "5"]
[EventCountry "ESP"]
[Source "lmi"]
[SourceDate "2007.06.20"]

1. e4 e5 2. Nf3 Nc6 3. Bb5 a6 4. Ba4 Nf6 5. O-O Be7 6. Re1 b5 7. Bb3 d6 8. c3
O-O 9. d4 Bg4 10. Be3 exd4 11. cxd4 Na5 12. Bc2 Nc4 13. Bc1 Nd7 14. b3 Ncb6 15.
Nbd2 Re8 16. h3 Bh5 17. g4 Bg6 18. Nf1 c5 19. d5 Bf6 20. Rb1 a5 21. Ng3 h6 22.
a4 bxa4 23. bxa4 Rb8 24. Kg2 Nc4 25. Rxb8 Qxb8 26. Nd2 Ncb6 27. f4 Nxd5 28. Nc4
N7b6 29. Nxb6 Nxb6 30. f5 Bh7 31. Nh5 Be5 32. g5 hxg5 33. Bxg5 Nd7 34. Bb3
1/2-1/2

[Event "España tch DH1"]
[Site "Lugo ESP"]
[Date "2007.06.21"]
[Round "2.16"]
[White "Carrasco Martinez, Juan M"]
[Black "Rivas Pastor, Manuel"]
[Result "1/2-1/2"]
[WhiteElo "2406"]
[BlackElo "2496"]
[PlyCount "52"]
[EventDate "2007.06.20"]
[EventType "team"]
[EventRounds "5"]
[EventCountry "ESP"]
[Source "lmi"]
[SourceDate "2007.06.20"]

1. d4 Nf6 2. Nf3 b6 3. c4 e6 4. g3 Ba6 5. Nbd2 b5 6. b3 Bb4 7. Qc2 bxc4 8. bxc4
Bb7 9. Bg2 c5 10. O-O cxd4 11. Rb1 Nc6 12. a3 Bxd2 13. Qxd2 Ne4 14. Qc2 Nc5 15.
a4 Rb8 16. Ba3 d6 17. Rfd1 O-O 18. Nxd4 Nxd4 19. Rxd4 Qc7 20. Bxb7 Rxb7 21.
Rbd1 Rb6 22. e4 h6 23. h4 Rfb8 24. h5 Rc6 25. Bxc5 Rxc5 26. Qd3 Rb6 1/2-1/2

[Event "España tch DH1"]
[Site "Lugo ESP"]
[Date "2007.06.21"]
[Round "2.22"]
[White "Pelletier, Yannick"]
[Black "Kasimdzhanov, Rustam"]
[Result "0-1"]
[WhiteElo "2602"]
[BlackElo "2677"]
[PlyCount "90"]
[EventDate "2007.06.20"]
[EventType "team"]
[EventRounds "5"]
[EventCountry "ESP"]
[Source "lmi"]
[SourceDate "2007.06.20"]

1. d4 d5 2. c4 c6 3. Nf3 Nf6 4. Nc3 e6 5. Bg5 h6 6. Bh4 dxc4 7. e4 g5 8. Bg3 b5
9. Be2 Bb7 10. h4 g4 11. Ne5 Nbd7 12. Nxg4 b4 13. Nxf6+ Nxf6 14. Na4 Nxe4 15.
Be5 Rg8 16. Bxc4 Bd6 17. Qh5 c5 18. Rd1 cxd4 19. Rxd4 Ke7 20. Rh3 Qc7 21. Rf3
Raf8 22. Nc5 Rxg2 23. Rxd6 Rg1+ 24. Ke2 Nxd6 25. Bf6+ Ke8 26. Re3 Rg6 27. Qxg6
Qxc5 28. Rxe6+ Kd7 29. Rxd6+ Kxd6 30. Qd3+ Kc7 31. Bd4 Re8+ 32. Kd2 Qd6 33. Be3
Qe5 34. Kc1 Kb8 35. b3 Qa1+ 36. Qb1 Qe5 37. Qd3 Ka8 38. Bxf7 Rc8+ 39. Bc4 Be4
40. Qd4 Qxd4 41. Bxd4 Bd5 42. Kd2 Bxc4 43. bxc4 Rxc4 44. Kd3 Rc1 45. f4 Kb7 0-1

[Event "España tch DH1"]
[Site "Lugo ESP"]
[Date "2007.06.21"]
[Round "2.24"]
[White "Felgaer, Ruben"]
[Black "Bauer, Christian"]
[Result "1-0"]
[WhiteElo "2574"]
[BlackElo "2629"]
[PlyCount "67"]
[EventDate "2007.06.20"]
[EventType "team"]
[EventRounds "5"]
[EventCountry "ESP"]
[Source "lmi"]
[SourceDate "2007.06.20"]

1. e4 e5 2. Nf3 d6 3. d4 exd4 4. Nxd4 Nf6 5. Nc3 Be7 6. Be2 O-O 7. O-O Re8 8.
f4 Bf8 9. Bf3 c5 10. Nde2 Nc6 11. b3 a5 12. Bb2 a4 13. Nxa4 Nxe4 14. c4 Bf5 15.
Ng3 Nxg3 16. hxg3 Qa5 17. g4 Be6 18. Nc3 Rad8 19. f5 Bc8 20. Nd5 Rd7 21. g5 Ne5
22. Bg4 Rdd8 23. Bc3 Qa7 24. Nc7 Re7 25. Nd5 Ree8 26. Bh3 b6 27. Qh5 Bb7 28. g6
fxg6 29. fxg6 Nxg6 30. Rf7 Qb8 31. Nf6+ Kxf7 32. Nxh7 Re4 33. Ng5+ Ke7 34. Qxg6
1-0

[Event "España tch DH1"]
[Site "Lugo ESP"]
[Date "2007.06.21"]
[Round "2.26"]
[White "Rahal, Michael A"]
[Black "Argandoña Riveiro, Iñigo"]
[Result "0-1"]
[WhiteElo "2395"]
[BlackElo "2400"]
[PlyCount "160"]
[EventDate "2007.06.20"]
[EventType "team"]
[EventRounds "5"]
[EventCountry "ESP"]
[Source "lmi"]
[SourceDate "2007.06.20"]

1. e4 e5 2. Nf3 d6 3. d4 exd4 4. Nxd4 Nf6 5. Nc3 Be7 6. Be2 O-O 7. O-O Re8 8.
f4 c5 9. Nb3 Bf8 10. Bf3 Nc6 11. Re1 a5 12. e5 dxe5 13. Qxd8 Nxd8 14. fxe5 Ng4
15. Bf4 c4 16. Nd2 Ne6 17. Bxg4 Nxf4 18. Bxc8 Raxc8 19. Re4 Ng6 20. Rae1 Rc5
21. Nxc4 b5 22. Nd6 Rb8 23. Ndxb5 Rcxb5 24. Nxb5 Rxb5 25. b3 Bb4 26. R1e2 Rd5
27. g3 Nf8 28. Rc4 g5 29. c3 Bc5+ 30. Kg2 Ne6 31. b4 axb4 32. cxb4 Ba7 33. a4
Rd1 34. h3 Rg1+ 35. Kh2 Ra1 36. Rc8+ Kg7 37. Ra8 Rxa4 38. Kg2 h5 39. Rc2 Ra1
40. Rcc8 Kg6 41. b5 Rg1+ 42. Kf3 Bd4 43. b6 Rb1 44. Rg8+ Kf5 45. g4+ hxg4+ 46.
hxg4+ Kxe5 47. Ra5+ Kf6 48. Rb8 Rb3+ 49. Ke2 Rxb6 50. Rxb6 Bxb6 51. Rf5+ Kg6
52. Kd3 Bc7 53. Ke4 Bf4 54. Ra5 Nc7 55. Rc5 Ne8 56. Rc6+ Nf6+ 57. Kf3 Kg7 58.
Ra6 Nd7 59. Kg2 Nc5 60. Rc6 Ne6 61. Ra6 Kf6 62. Kf3 Ke5 63. Ra5+ Kd6 64. Ra7
Nc7 65. Ke4 Ke6 66. Ra5 Ne8 67. Ra6+ Nd6+ 68. Kf3 Kd5 69. Ra5+ Kd4 70. Ra4+ Nc4
71. Kg2 Kd5 72. Kh3 Kd4 73. Kg2 Kd3 74. Kh3 Ne5 75. Ra3+ Ke4 76. Ra5 Nd3 77.
Ra4+ Ke3 78. Ra2 Bd6 79. Ra7 Kf3 80. Rxf7+ Bf4 0-1

[Event "España tch DH1"]
[Site "Lugo ESP"]
[Date "2007.06.21"]
[Round "2.35"]
[White "Bellon Lopez, Juan Manuel"]
[Black "Korneev, Oleg"]
[Result "1/2-1/2"]
[WhiteElo "2425"]
[BlackElo "2565"]
[PlyCount "68"]
[EventDate "2007.06.20"]
[EventType "team"]
[EventRounds "5"]
[EventCountry "ESP"]
[Source "lmi"]
[SourceDate "2007.06.20"]

1. d4 d5 2. c4 e6 3. Nc3 Be7 4. Nf3 Nf6 5. Bg5 h6 6. Bh4 O-O 7. e3 b6 8. Qc2 c5
9. Rd1 Nbd7 10. cxd5 exd5 11. Ne5 Bb7 12. Nxd7 Qxd7 13. dxc5 bxc5 14. Bxf6 Bxf6
15. Nxd5 Bxd5 16. Bc4 Bd4 17. Bxd5 Qxd5 18. O-O Rfd8 19. Qa4 Rab8 20. b3 Rbc8
21. Qa6 Rc7 22. Qa5 Qc6 23. exd4 cxd4 24. Rd3 Rd5 25. Qd2 Qd6 26. Rd1 Rd7 27.
g3 a5 28. Qc2 g6 29. h4 Kg7 30. Qd2 Kh7 31. Re1 Re5 32. Rd1 Rd5 33. Re1 Re5 34.
Rd1 Rd5 1/2-1/2

[Event "España tch DH1"]
[Site "Lugo ESP"]
[Date "2007.06.21"]
[Round "2.36"]
[White "San Segundo Carrillo, Pablo"]
[Black "Sanchez Guirado, Francisco"]
[Result "1-0"]
[WhiteElo "2539"]
[BlackElo "2407"]
[PlyCount "57"]
[EventDate "2007.06.20"]
[EventType "team"]
[EventRounds "5"]
[EventCountry "ESP"]
[Source "lmi"]
[SourceDate "2007.06.20"]

1. d4 d6 2. Nf3 g6 3. c4 Bg7 4. Nc3 Nc6 5. d5 Ne5 6. Nxe5 Bxe5 7. e4 f5 8. exf5
Bxf5 9. g4 Bd7 10. h3 e6 11. Bg2 Bxc3+ 12. bxc3 Qf6 13. O-O Ne7 14. Rb1 Rb8 15.
dxe6 Bxe6 16. Re1 Bxc4 17. Bh6 g5 18. Bxg5 Qxg5 19. Qd4 Qg8 20. Qf6 Qf8 21.
Rxe7+ Qxe7 22. Bc6+ bxc6 23. Rxb8+ Kd7 24. Qxe7+ Kxe7 25. Rxh8 Bxa2 26. Rxh7+
Bf7 27. g5 Kf8 28. g6 Bxg6 29. Rxc7 1-0

[Event "España tch DH1"]
[Site "Lugo ESP"]
[Date "2007.06.22"]
[Round "3.14"]
[White "Hracek, Zbynek"]
[Black "Illescas Cordoba, Miguel"]
[Result "1/2-1/2"]
[PlyCount "53"]
[EventDate "2007.06.20"]
[EventType "team"]
[EventRounds "5"]
[EventCountry "ESP"]
[Source "lmi"]
[SourceDate "2007.06.20"]
[WhiteElo "2613"]
[BlackElo "2591"]

1. e4 e6 2. d4 d5 3. Nd2 dxe4 4. Nxe4 Nd7 5. Nf3 Ngf6 6. Nxf6+ Nxf6 7. Be2 c5
8. O-O Qc7 9. Be3 Bd6 10. dxc5 Bxc5 11. Bxc5 Qxc5 12. c4 e5 13. Qd2 O-O 14.
Rfd1 Bg4 15. h3 Bh5 16. g4 Bg6 17. Qd6 Qxd6 18. Rxd6 Rfe8 19. Rad1 Rac8 20. Nh4
Bc2 21. Rc1 Ba4 22. Nf5 Ne4 23. Bf3 Nxd6 24. Nxd6 Rc7 25. Nxe8 Bxe8 26. Rd1 Bd7
27. c5 1/2-1/2

[Event "España tch DH1"]
[Site "Lugo ESP"]
[Date "2007.06.22"]
[Round "3.15"]
[White "Korneev, Oleg"]
[Black "Herrera, Irisberto"]
[Result "1-0"]
[PlyCount "101"]
[EventDate "2007.06.20"]
[EventType "team"]
[EventRounds "5"]
[EventCountry "ESP"]
[Source "lmi"]
[SourceDate "2007.06.20"]
[WhiteElo "2565"]
[BlackElo "2458"]

1. e4 c5 2. Nf3 d6 3. d4 cxd4 4. Nxd4 Nf6 5. Nc3 a6 6. Bg5 e6 7. f4 h6 8. Bh4
Nbd7 9. Qf3 e5 10. Nf5 exf4 11. Bxf6 Nxf6 12. O-O-O Qa5 13. Bc4 Qc5 14. Bb3
Bxf5 15. exf5 Qe3+ 16. Qxe3+ fxe3 17. Rhe1 Ng4 18. Ne4 O-O-O 19. Bxf7 Kc7 20.
h3 Nf2 21. Nxf2 exf2 22. Rf1 Be7 23. Rxf2 h5 24. g3 Bf6 25. c3 Be5 26. Rd3 Rdf8
27. Be6 Rf6 28. Kc2 Rhf8 29. Rg2 Rh6 30. g4 hxg4 31. hxg4 Rfh8 32. g5 Rh2 33.
Rdd2 Rxg2 34. Rxg2 Rh5 35. Rg4 Rh7 36. Rc4+ Kb6 37. Rb4+ Kc7 38. Rc4+ Kb6 39.
Bd5 Rh2+ 40. Kb3 a5 41. Rg4 Rh8 42. f6 gxf6 43. g6 f5 44. Rg5 Bg7 45. Rxf5 Rh6
46. Bf7 Rh4 47. a4 Rg4 48. Rb5+ Ka6 49. Bc4 Re4 50. Rh5+ Kb6 51. Rh7 1-0

[Event "España tch DH1"]
[Site "Lugo ESP"]
[Date "2007.06.22"]
[Round "3.16"]
[White "Rivas Pastor, Manuel"]
[Black "Moreno Carnero, Javier"]
[Result "1/2-1/2"]
[PlyCount "113"]
[EventDate "2007.06.20"]
[EventType "team"]
[EventRounds "5"]
[EventCountry "ESP"]
[Source "lmi"]
[SourceDate "2007.06.20"]
[WhiteElo "2496"]
[BlackElo "2508"]

1. d4 Nf6 2. Nf3 g6 3. Bg5 Bg7 4. e3 O-O 5. Be2 c5 6. c3 b6 7. h3 d6 8. Nbd2
Bb7 9. O-O Nbd7 10. a4 a6 11. b4 Qc7 12. Qb3 cxd4 13. cxd4 Bd5 14. Qb2 Qb7 15.
Rfc1 Rfc8 16. Ra3 Rxc1+ 17. Qxc1 Rc8 18. Rc3 Rxc3 19. Qxc3 h6 20. Bh4 Qc6 21.
Qxc6 Bxc6 22. b5 axb5 23. axb5 Bb7 24. Ne1 d5 25. Nd3 e6 26. g4 Bf8 27. Bg3 Ne8
28. Nb1 f6 29. Nc3 g5 30. Bd1 Nd6 31. Bb3 Kf7 32. f3 Be7 33. Kf2 Bf8 34. Ke2
Be7 35. Nb2 Bf8 36. Nba4 Be7 37. Kd3 h5 38. e4 dxe4+ 39. fxe4 hxg4 40. hxg4 Bf8
41. Nb2 Ke7 42. Nc4 Nxc4 43. Bxc4 e5 44. Bd5 Bc8 45. Bc6 exd4 46. Kxd4 Kd8 47.
Nd5 Ne5 48. Nxf6 Nxg4 49. Nd5 Bc5+ 50. Kc3 Be6 51. Bc7+ Kc8 52. Bxb6 Bxd5 53.
Bxd5 Bxb6 54. Be6+ Kc7 55. Bxg4 Kd6 56. Kd3 Kc5 57. Kd2 1/2-1/2

[Event "España tch DH1"]
[Site "Lugo ESP"]
[Date "2007.06.22"]
[Round "3.21"]
[White "Miroshnichenko, Evgenij"]
[Black "Socko, Bartosz"]
[Result "1/2-1/2"]
[PlyCount "81"]
[EventDate "2007.06.20"]
[EventType "team"]
[EventRounds "5"]
[EventCountry "ESP"]
[Source "lmi"]
[SourceDate "2007.06.20"]
[WhiteElo "2646"]
[BlackElo "2641"]

1. d4 d5 2. c4 dxc4 3. Nf3 Nf6 4. e3 e6 5. Bxc4 c5 6. O-O a6 7. dxc5 Bxc5 8.
Qxd8+ Kxd8 9. Ne5 Ke7 10. Be2 Rd8 11. Nd2 Nbd7 12. Nd3 Ba7 13. b3 Ke8 14. Ba3
Nc5 15. Nxc5 Rxd2 16. Bf3 Bxc5 17. Bxc5 e5 18. Bb4 Rc2 19. Rfc1 Rxc1+ 20. Rxc1
e4 21. Be2 Bd7 22. f3 Rc8 23. Rxc8+ Bxc8 24. Kf2 Nd5 25. Bd2 f5 26. Bc4 Be6 27.
fxe4 fxe4 28. g4 Kf7 29. h3 g5 30. Bf1 Kf6 31. Bg2 Ke5 32. Ke2 Bf7 33. Be1 h5
34. Bg3+ Ke6 35. gxh5 Bxh5+ 36. Kd2 Bg6 37. Bf1 b5 38. Be2 Kf6 39. h4 gxh4 40.
Bxh4+ Ke6 41. a4 1/2-1/2

[Event "España tch DH1"]
[Site "Lugo ESP"]
[Date "2007.06.22"]
[Round "3.22"]
[White "Macieja, Bartlomiej"]
[Black "Pelletier, Yannick"]
[Result "1/2-1/2"]
[PlyCount "185"]
[EventDate "2007.06.20"]
[EventType "team"]
[EventRounds "5"]
[EventCountry "ESP"]
[Source "lmi"]
[SourceDate "2007.06.20"]
[WhiteElo "2616"]
[BlackElo "2602"]

1. e4 e6 2. d4 d5 3. Nc3 dxe4 4. Nxe4 Nd7 5. Nf3 Ngf6 6. Bd3 c5 7. O-O Nxe4 8.
Bxe4 Nf6 9. Bg5 cxd4 10. Nxd4 Be7 11. Bf3 O-O 12. c3 Qb6 13. Qb3 Qc7 14. Nb5
Qb8 15. Bh4 e5 16. Bg3 Be6 17. Qc2 Qc8 18. Bxe5 Qc5 19. Bxf6 Bxf6 20. a4 a6 21.
Na3 Rab8 22. Nb1 b5 23. Nd2 Be5 24. Ne4 Qe7 25. axb5 axb5 26. Rfe1 Rfc8 27. g3
h6 28. Re3 b4 29. Rae1 bxc3 30. bxc3 Qc7 31. Kg2 Rb6 32. Ng5 hxg5 33. Rxe5 Qxc3
34. Qxc3 Rxc3 35. Rxg5 Bh3+ 36. Kxh3 Rxf3 37. Kg2 Rff6 38. Re2 Rfe6 39. Rd2
Red6 40. Rc2 Rdc6 41. Rxc6 Rxc6 42. h4 g6 43. h5 Kh7 44. Kh3 gxh5 45. Rxh5+ Kg6
46. g4 Rc3+ 47. Kg2 f6 48. Ra5 Rb3 49. Rd5 Ra3 50. Rf5 Rb3 51. Rf3 Rb5 52. Kg3
Ra5 53. Rb3 Ra6 54. f4 Ra7 55. Rb6 Kf7 56. Rb3 Kg6 57. Kf3 Kf7 58. Rd3 Re7 59.
Rd6 Kg7 60. Rc6 Kf7 61. Kg3 Re3+ 62. Kh4 Rf3 63. f5 Kg7 64. Rc7+ Kh6 65. Rc6
Kg7 66. Ra6 Rf1 67. Kg3 Rb1 68. Ra7+ Kh6 69. Rf7 Rb6 70. Kf3 Rb3+ 71. Ke4 Rb4+
72. Kd5 Rxg4 73. Ke6 Ra4 74. Rxf6+ Kg7 75. Rf7+ Kg8 76. Re7 Ra6+ 77. Ke5 Kf8
78. Re6 Ra7 79. Kf6 Rf7+ 80. Kg5 Rg7+ 81. Rg6 Ra7 82. Rf6+ Kg7 83. Rb6 Rc7 84.
Rh6 Rc5 85. Rg6+ Kf7 86. Ra6 Rc7 87. Rh6 Kf8 88. Rh8+ Kg7 89. Ra8 Rc6 90. Re8
Kf7 91. Re6 Rxe6 92. fxe6+ Kxe6 93. Kf4 1/2-1/2

[Event "España tch DH1"]
[Site "Lugo ESP"]
[Date "2007.06.22"]
[Round "3.23"]
[White "Lopez Martinez, Josep Manuel"]
[Black "Wojtaszek, Radoslaw"]
[Result "0-1"]
[PlyCount "114"]
[EventDate "2007.06.20"]
[EventType "team"]
[EventRounds "5"]
[EventCountry "ESP"]
[Source "lmi"]
[SourceDate "2007.06.20"]
[WhiteElo "2563"]
[BlackElo "2620"]

1. e4 c6 2. d4 d5 3. Nc3 dxe4 4. Nxe4 Nd7 5. Ng5 Ngf6 6. Bd3 e6 7. N1f3 Bd6 8.
Qe2 h6 9. Ne4 Nxe4 10. Qxe4 Qc7 11. O-O b6 12. Qg4 Kf8 13. b3 Bb7 14. Bb2 Nf6
15. Qh4 Nd5 16. Ne5 g5 17. Qg4 Nf4 18. Rfe1 Rg8 19. Qd1 Rd8 20. Qf3 f5 21. Qe3
Bxe5 22. Qxe5 Qxe5 23. Rxe5 Nxd3 24. cxd3 Kf7 25. Rae1 Rge8 26. f3 c5 27. dxc5
Rxd3 28. cxb6 axb6 29. R5e2 h5 30. Rc1 g4 31. fxg4 hxg4 32. Be5 Be4 33. Rc7+
Re7 34. Rxe7+ Kxe7 35. Bf4 Kf6 36. Rd2 Rc3 37. Kf2 b5 38. Rd1 Rc5 39. Rc1 Rd5
40. Be3 Rd8 41. a4 e5 42. Re1 bxa4 43. bxa4 Ra8 44. Ra1 f4 45. Bd2 Rb8 46. Ra2
Rb1 47. Bc3 Bd3 48. Ra1 Rb3 49. Rc1 Ra3 50. Ke1 Rxa4 51. Ra1 Re4+ 52. Kd2 Be2
53. Ra8 Bc4 54. Rc8 f3 55. gxf3 gxf3 56. Rf8+ Bf7 57. Kd3 Rf4 0-1

[Event "España tch DH1"]
[Site "Lugo ESP"]
[Date "2007.06.22"]
[Round "3.24"]
[White "Czarnota, Pawel"]
[Black "Felgaer, Ruben"]
[Result "1-0"]
[PlyCount "77"]
[EventDate "2007.06.20"]
[EventType "team"]
[EventRounds "5"]
[EventCountry "ESP"]
[Source "lmi"]
[SourceDate "2007.06.20"]
[WhiteElo "2562"]
[BlackElo "2574"]

1. e4 c5 2. Nf3 Nc6 3. d4 cxd4 4. Nxd4 Nf6 5. Nc3 e5 6. Ndb5 d6 7. Bg5 a6 8.
Na3 b5 9. Bxf6 gxf6 10. Nd5 f5 11. Bd3 Be6 12. O-O Bxd5 13. exd5 Ne7 14. Re1
Bg7 15. Rb1 e4 16. Bf1 O-O 17. c4 Ng6 18. cxb5 axb5 19. Bxb5 Bxb2 20. Nc4 Be5
21. a4 Kh8 22. g3 Rg8 23. Bc6 Ra7 24. Rb3 Bf6 25. Qh5 Ne7 26. Reb1 Bd4 27. Rb8
Qxb8 28. Rxb8 Rxb8 29. Nxd6 Rb1+ 30. Kg2 Rb2 31. Nxf7+ Kg7 32. Ng5 Rxf2+ 33.
Kh3 Nxc6 34. dxc6 Re7 35. c7 Rc2 36. Qxh7+ Kf6 37. Qh6+ Ke5 38. Qh8+ Kd6 39.
Qd8+ 1-0

[Event "España tch DH1"]
[Site "Lugo ESP"]
[Date "2007.06.22"]
[Round "3.25"]
[White "Alsina Leal, Daniel"]
[Black "Bellon Lopez, Juan Manuel"]
[Result "1-0"]
[PlyCount "103"]
[EventDate "2007.06.20"]
[EventType "team"]
[EventRounds "5"]
[EventCountry "ESP"]
[Source "lmi"]
[SourceDate "2007.06.20"]
[WhiteElo "2428"]
[BlackElo "2425"]

1. e4 c5 2. Nf3 Nc6 3. d4 cxd4 4. Nxd4 Qc7 5. Nc3 e6 6. Be3 a6 7. Qd2 Nf6 8.
O-O-O Bb4 9. f3 Ne5 10. Nb3 b5 11. Qd4 Nc6 12. Qb6 Qxb6 13. Bxb6 Ke7 14. a4 d6
15. axb5 axb5 16. Nxb5 Bd7 17. c3 Ne5 18. cxb4 Bxb5 19. Bxb5 Rhc8+ 20. Kb1 Rab8
21. f4 Rxb6 22. fxe5 dxe5 23. Bd3 Rxb4 24. Nc1 Nxe4 25. Bxe4 Rxe4 26. Rhe1 Rxe1
27. Rxe1 f6 28. Na2 g5 29. Nc3 g4 30. Kc2 Rb8 31. Re4 h5 32. b4 f5 33. Rxe5 g3
34. hxg3 Kd6 35. Rb5 Rg8 36. Ne2 h4 37. gxh4 Rxg2 38. Kd3 Rh2 39. Rb6+ Ke5 40.
Nd4 Kd5 41. Nf3 Rb2 42. Ke3 Rb1 43. Rb8 Kd6 44. Rb5 Rd1 45. Rb6+ Kd5 46. Rb8
Rh1 47. Rd8+ Kc4 48. Rd6 e5 49. Nxe5+ Kxb4 50. Nf3 Kc5 51. Rd2 Kc6 52. Kf4 1-0

[Event "España tch DH1"]
[Site "Lugo ESP"]
[Date "2007.06.22"]
[Round "3.26"]
[White "Ibañez Aullana, Jose Ramon"]
[Black "Vehi Bach, Victor M"]
[Result "1-0"]
[PlyCount "67"]
[EventDate "2007.06.20"]
[EventType "team"]
[EventRounds "5"]
[EventCountry "ESP"]
[Source "lmi"]
[SourceDate "2007.06.20"]
[WhiteElo "2339"]
[BlackElo "2377"]

1. d4 Nf6 2. c4 e6 3. Nc3 Bb4 4. e3 O-O 5. Nge2 d5 6. a3 Be7 7. cxd5 exd5 8. g3
a5 9. Bg2 Na6 10. h3 Re8 11. g4 c6 12. Qc2 h6 13. Ng3 Bf8 14. O-O g6 15. Bd2
Nc7 16. f4 Bg7 17. Nce2 Nb5 18. Nc1 Nd6 19. Nd3 Nfe4 20. Nxe4 Nxe4 21. Ne5 Nxd2
22. Qxd2 Qe7 23. Rae1 Kh7 24. e4 f6 25. Nxg6 Kxg6 26. exd5 Qd7 27. dxc6 bxc6
28. Rxe8 Qxe8 29. Re1 Qd8 30. Qc2+ Kf7 31. Qc4+ Kf8 32. Bxc6 Ba6 33. Qc5+ Kg8
34. Qd5+ 1-0